Surat daripada guru

Bibliographic Details
Main Author: Sheba Siddique
Format: Book
Published: Kuala Lumpur : Gema Insan , 2005
Series:Siri cerita motivasi
Subjects:

MARC

LEADER 00000cam a2200000 7i4500
001 0000000136
005 20151222.0
008 070629
020 |a 983570094X 
090 0 0 |a JF   |b MAL (221) 
100 0 |a Sheba Siddique 
245 1 0 |a Surat daripada guru   |c Sheba Siddique 
260 |a Kuala Lumpur :   |b Gema Insan ,   |c 2005 
440 |a Siri cerita motivasi 
500 |a Children ages 7-9 years old (orange) 
650 0 |a Malay fiction 
999 |a 0000954393   |b Book   |c Children Collection   |e Cawangan Tangkak 
999 |a 0000954394   |b Book   |c Children Collection   |e Cawangan Tangkak 
999 |a 0000954401   |b Book   |c Children Collection   |e Cawangan Bandar Penawar 
999 |a 0000954402   |b Book   |c Children Collection   |e Cawangan Bukit Gambir 
999 |a 0000954403   |b Book   |c Children Collection   |e Cawangan Bukit Gambir 
999 |a 0000954515   |b Book   |c Children Collection   |e Perbadanan Perpustakaan Awam Johor 
999 |a 0000954516   |b Book   |c Children Collection   |e Perbadanan Perpustakaan Awam Johor 
999 |a 0000954517   |b Book   |c Children Collection   |e Perbadanan Perpustakaan Awam Johor 
999 |a 0000954518   |b Book   |c Children Collection   |e Cawangan Mersing 
999 |a 0000970649   |b Book   |c Children Collection   |e Cawangan Bandar Penawar 
999 |a 0000970651   |b Book   |c Children Collection   |e Cawangan Tmn. Ungku Tun Aminah 
999 |a 0000970652   |b Book   |c Children Collection   |e Perbadanan Perpustakaan Awam Johor 
999 |a 0001167529   |b Book   |c Children Collection   |e Cawangan Taman Universiti 
999 |a 0001167530   |b Book   |c Children Collection   |e Cawangan Kota Tinggi 
999 |a 0001167531   |b Book   |c Children Collection   |e Cawangan Bandar Tenggara 
999 |a 0001167532   |b Book   |c Children Collection   |e Cawangan Bukit Gambir 
999 |a 0001167533   |b Book   |c Children Collection   |e Cawangan Tangkak 
999 |a 0001167535   |b Book   |c Children Collection   |e Cawangan Mersing 
999 |a 0001167536   |b Book   |c Children Collection   |e Cawangan Bandar Penawar 
999 |a 0001167542   |b Book   |c Children Collection   |e Cawangan Tmn. Ungku Tun Aminah